| 000 | 00808nam a2200241 i 4500 | ||
|---|---|---|---|
| 001 | bg | ||
| 245 | 0 | 0 |
_aPowszechna historia państwa i prawa : _bwybór tekstów źródłowych / _cwyboru dokonali Marian Józef Ptak i Marek Kinstler ; [tł. z różnych jęz.]. |
| 250 | _aWyd. 2 poszerz. | ||
| 260 |
_aWrocław : _bWydaw. Uniwersytetu Wrocławskiego, _c1996. |
||
| 300 |
_a436 s. ; _c24 cm. |
||
| 504 | _aBibliogr. s. 13-17. | ||
| 650 | 9 |
_aPrawo _xhistoria _y6-20 w. |
|
| 650 | 9 |
_aPrawo państwowe _xhistoria |
|
| 700 | 1 |
_aPTAK, Marian Józef. _eaut. wyboru |
|
| 700 | 1 |
_aKINSTLER, Marek. _eaut. wyboru |
|
| 020 | _a8322914733 | ||
| 040 | _cBPK | ||
| 041 | 1 | _apl | |
| 080 | _a342+34](4+73)"05/19"(093)(075.8) | ||
| 920 | _a83-229-1473-3 | ||
| 942 | _cKS | ||
| 008 | s pl f |000 0 pol | ||
| 999 |
_c33217 _d33217 |
||
| 856 |
_uhttp://koha.tu.koszalin.pl/cgi-bin/koha/opac-detail.pl?biblionumber=33217 _yKatalog online BPK |
||